000 01065cam a22003257a 4500
003 CHAP
005 20220329135857.0
008 971013s1985 r 00010 d
010 _a43699
011 _a44671
035 _a48809
040 _cCHAP
090 _aFolleto 10849
100 0 0 _aRamírez, José Carlos.
_994358
245 1 3 _aLa maquila de exportación de Sonora (Nogales) : una vieja historia con nuevos argumentos
260 _aHernosillo, Son :
_bEl Colegio de Sonora,
_c1985
300 _a15 p.
490 0 _aCuadernos de divulgación
_v; 3
590 _aBATCH-UPD
_b10
_c20130110
_lUCH01
_h1609
590 _aBATCH-UPD
_b10
_c20130410
_lUCH01
_h1005
590 _aBATCH-UPD
_b10
_c20130914
_lUCH01
_h1108
590 _aCONVERSION
_b10
_c20130109
_lUCH01
_h1324
650 1 4 _aIndustria maquiladora
_xSonora.
_957901
700 0 _aAndonaegui, Miguel.
_95630
700 0 _aLara, Blanca E.
_964887
830 0 _aCuadernos de divulgación
_v; 3
_929767
901 _aBK
942 _cFOLL
949 _aFolleto 10849
_bBC
_cFOLL
_d-110343
_eTS1
_i48809
_mD
_si
999 _c43699
_d43699